| 000 | 00953nam a22002657a 4500 | ||
|---|---|---|---|
| 005 | 20150401134741.0 | ||
| 010 | _aENG-111449 B-593932 | ||
| 020 |
_a9789339212094 _c795.00 |
||
| 020 |
_a9339212096 _c795.00 |
||
| 035 | _aEN-94981 B-593932 | ||
| 037 | _bDBAD/PUB | ||
| 037 | _bUBH | ||
| 082 | _a005.133 | ||
| 100 | _aSchildt, Herbert | ||
| 245 |
_aJava : _cby Herbert Schildt _bthe complete reference / |
||
| 250 | _a9th ed | ||
| 260 |
_aNew Delhi _bMcGraw Hill Education _c2014 |
||
| 270 |
_aP-24, Green Park Extension _bNew Delhi _e110016 |
||
| 300 |
_axxxiv, 1274p. _c24cm(pbk) |
||
| 500 | _aIncludes index | ||
| 650 | _aJava (Computer program language) | ||
| 650 | _a Internet programming. | ||
| 942 |
_2ddc _cEN _mSCH _h005.133 |
||
| 999 |
_c90648 _d90648 |
||